Presupuesto de la Casa Provincial de Caridad de Barcelona para el ejercicio de...
Descripción Física:
10 v. ; 21 cm
MARC
| LEADER | 00000nam a2200000Ia 4500 | ||
|---|---|---|---|
| 001 | 20603, 9943, 9944, 9945, 9946, 9947, 9948, 9949, 9950, 9951, 9952 | ||
| 008 | 160829s1940 - xx 000 0 cat d | ||
| 080 | |a RF-7-77, FU-11-1, FU-11-2, FU-11-3, FU-11-4, FU-11-5, FU-11-6, FU-11-7, FU-11-8, FU-11-9, FU-11-10 | ||
| 245 | |a Presupuesto de la Casa Provincial de Caridad de Barcelona para el ejercicio de... | ||
| 260 | |a Barcelona : |b (Imprenta - Escuela Casa Prov. de Caridad), |c 1940 - | ||
| 300 | |a 10 v. ; |c 21 cm | ||
| 590 | |a Hi ha un duplicat dels anys 1940, 1942, 1944, 1945, 1946, 1947, 1948, 1949, 1950 i 1952 a: DUP-186-80, DUP-186-81, DUP-186-82, DUP-186-83, DUP-186-84, DUP-186-85, DUP-186-86, DUP-186-87, DUP-186-88, DUP-186-89, que provenen de J-1800 | ||
| 610 | 2 | 0 | |a Casa de Caritat (Barcelona, Catalunya) |x Assignacions pressupostàries i despeses |9 55727 |
| 710 | |a Casa de Caritat (Barcelona, Catalunya) |9 52406 | ||
| 856 | 4 | |u https://media.diba.cat/diba/fitxers/arxiu/fulletons/bib_9952_1952_baixa.pdf |y Any 1952 | |
| 856 | 4 | |u https://media.diba.cat/diba/fitxers/arxiu/fulletons/bib_9951_1950_baixa.pdf |y Any 1950 | |
| 856 | 4 | |u https://media.diba.cat/diba/fitxers/arxiu/fulletons/bib_9950_1949_baixa.pdf |y Any 1949 | |
| 856 | 4 | |u https://media.diba.cat/diba/fitxers/arxiu/fulletons/bib_9949_1948_baixa.pdf |y Any 1948 | |
| 856 | 4 | |u https://media.diba.cat/diba/fitxers/arxiu/fulletons/bib_9948_1947_baixa.pdf |y Any 1947 | |
| 856 | 4 | |u https://media.diba.cat/diba/fitxers/arxiu/fulletons/bib_9947_1946_baixa.pdf |y Any 1946 | |
| 856 | 4 | |u https://media.diba.cat/diba/fitxers/arxiu/fulletons/bib_9946_1945_baixa.pdf |y Any 1945 | |
| 856 | 4 | |u https://media.diba.cat/diba/fitxers/arxiu/fulletons/bib_9945_1944_baixa.pdf |y Any 1944 | |
| 856 | 4 | |u https://media.diba.cat/diba/fitxers/arxiu/fulletons/bib_9944_1942_baixa.pdf |y Any 1942 | |
| 856 | 4 | |u https://media.diba.cat/diba/fitxers/arxiu/fulletons/bib_9943_1940_baixa.pdf |y Any 1940 | |
| 856 | 4 | |u https://media.diba.cat/diba/fitxers/arxiu/fulletons/bib_20603_1930_baixa.pdf |y Any 1930 | |
| 856 | 4 | |u https://media.diba.cat/diba/fitxers/arxiu/fulletons/bib_9952_1952_baixa.pdf |y Any 1952 | |
| 856 | 4 | |u https://media.diba.cat/diba/fitxers/arxiu/fulletons/bib_9951_1950_baixa.pdf |y Any 1950 | |
| 856 | 4 | |u https://media.diba.cat/diba/fitxers/arxiu/fulletons/bib_9950_1949_baixa.pdf |y Any 1949 | |
| 856 | 4 | |u https://media.diba.cat/diba/fitxers/arxiu/fulletons/bib_9949_1948_baixa.pdf |y Any 1948 | |
| 856 | 4 | |u https://media.diba.cat/diba/fitxers/arxiu/fulletons/bib_9948_1947_baixa.pdf |y Any 1947 | |
| 856 | 4 | |u https://media.diba.cat/diba/fitxers/arxiu/fulletons/bib_9947_1946_baixa.pdf |y Any 1946 | |
| 856 | 4 | |u https://media.diba.cat/diba/fitxers/arxiu/fulletons/bib_9946_1945_baixa.pdf |y Any 1945 | |
| 856 | 4 | |u https://media.diba.cat/diba/fitxers/arxiu/fulletons/bib_9945_1944_baixa.pdf |y Any 1944 | |
| 856 | 4 | |u https://media.diba.cat/diba/fitxers/arxiu/fulletons/bib_9944_1942_baixa.pdf |y Any 1942 | |
| 856 | 4 | |u https://media.diba.cat/diba/fitxers/arxiu/fulletons/bib_9943_1940_baixa.pdf |y Any 1940 | |
| 856 | 4 | |u https://media.diba.cat/diba/fitxers/arxiu/fulletons/bib_20603_1930_baixa.pdf |y Any 1930 | |
| 866 | |a 1930, 1940 ; 1942 (2n, 3r i 4t trimestres) ; 1944 ; 1945 ; 1946 ; 1947 ; 1948 ; 1949 ; 1950 (2n trimestre) ; 1952 | ||
| 901 | |a Arxiu | ||
| 942 | |n 1 |2 udc | ||
| 952 | |0 0 |1 0 |4 0 |6 RF777_FU111_FU112_FU113_FU114_FU115_FU116_FU117_FU118_FU119_FU1110 |7 1 |9 54592 |a Arxiu |b Arxiu |d 2016-12-01 |l 0 |o RF-7-77, FU-11-1, FU-11-2, FU-11-3, FU-11-4, FU-11-5, FU-11-6, FU-11-7, FU-11-8, FU-11-9, FU-11-10 |p 20603, 9943, 9944, 9 |r 2016-12-01 00:00:00 |w 2016-12-01 |y ARXIU | ||
| 999 | |c 58461 |d 58461 | ||
| 900 | |a bib_9943_1940_baixa.pdf | ||
| 900 | |a bib_9952_1952_baixa.pdf | ||
| 900 | |a bib_9944_1942_baixa.pdf | ||
| 900 | |a bib_9945_1944_baixa.pdf | ||
| 900 | |a bib_9946_1945_baixa.pdf | ||
| 900 | |a bib_9947_1946_baixa.pdf | ||
| 900 | |a bib_9948_1947_baixa.pdf | ||
| 900 | |a bib_9949_1948_baixa.pdf | ||
| 900 | |a bib_9950_1949_baixa.pdf | ||
| 900 | |a bib_9951_1950_baixa.pdf | ||
| 900 | |a bib_20603_1930_baixa.pdf | ||